[Event "Interzonal-16"]
[Site "Biel"]
[Date "1993.??.??"]
[Round "9"]
[White "Polgar, Judit"]
[Black "Lputian, Smbat G"]
[Result "1/2-1/2"]
[WhiteElo "2630"]
[BlackElo "2565"]
[Annotator "Hansen,Cu"]
[PlyCount "93"]
[EventDate "1993.07.16"]
[EventType "swiss"]
[EventRounds "13"]
[EventCountry "SUI"]
[SourceTitle "CBM 037"]
[Source "ChessBase"]
[SourceDate "1993.12.01"]
[SourceVersion "1"]
[SourceVersionDate "1993.12.01"]
[SourceQuality "1"]

1. e4 e6 2. d4 d5 3. Nc3 Nf6 4. Bg5 dxe4 5. Nxe4 Be7 6. Bxf6 Bxf6 7. Nf3 O-O 8.
Qd2 b6 9. O-O-O Bb7 10. Qf4 Be7 (10... Nd7 11. Bd3 (11. Ne5 Be7 12. h4 Nf6 13.
Nxf6+ Bxf6 14. Rh3 a5 15. Bd3 c5 16. dxc5 Qb8 $13 {Mohr,G-Kovacevic,V/
Vidmar-mem/1989/}) (11. Bc4 Bd5 (11... Bxe4 12. Qxe4 Be7 13. Ne5 Nf6 14. Qf3
$14 {Kindermann,S-Chernin,A/Dortmund/1990/}) 12. Bd3 Be7 13. c4 Bb7 14. h4 Nf6
15. Ne5 a6 16. Nxf6+ Bxf6 17. Be4 Bxe4 18. Qxe4 Bxe5 19. dxe5 Qe7 $10 {Hubner,
R-Gurevich,M/BL/1992/}) 11... Qb8 (11... Rc8 12. h4 c5 13. dxc5 bxc5 14. c3 Qc7
$10 {Riegler,P-Zugaj,F/Bled op/1992/}) 12. Ne5 c5 13. Nxf6+ Nxf6 14. Rhe1 $14 {
Ljubojevic,L-Quinteros,M/Orense/1975/}) 11. Bd3 Nd7 12. Neg5 (12. Rhe1 a5 13.
h4 Nf6 14. Nxf6+ Bxf6 15. Be4 Bd5 $10 {Timman,J-Ehlvest,J/Belfort WCUP/1988/})
(12. h4 Nf6 (12... Qb8 13. Ne5 c5 14. g3 Nxe5 15. dxe5 f5 $15 {Kharlov,A-Dreev,
A/St.Petersburg zt/1992/}) 13. Neg5 (13. c3 Nxe4 14. Bxe4 Bxe4 15. Qxe4 Qd5 16.
Qxd5 exd5 17. Rhe1 Rfe8 18. Kc2 f6 {0,5/Vogt,L-Espig,L/Dortmund B/1990/}) (13.
Nxf6+ Bxf6 14. Ng5 (14. Rh3 Qd6 15. Ne5 Rad8 16. g4 c5 17. g5 Be7 18. h5 f6 19.
gxf6 Bxf6 20. Qg3 cxd4 $17 {Izeta,F-Rivera,D/Madrid B/1992/}) 14... g6 (14...
h6 15. Nh7 Re8 16. Nxf6+ Qxf6 17. Qxf6 gxf6 18. f3 f5 $10 {Van der Wiel,
J-Dokhoian,Y/Wijk/1990/}) 15. Be4 Bd5 16. Kb1 Bg7 17. Nf3 Qf6 $10 {Hector,
J-Liiva,R/Rilton Cup/1992/}) 13... Bxf3 (13... Qd6 {0,5/Hubner,R-Vaganjan,R/
Skelleftea WCup/1989/} 14. Ne5 Rad8 15. Rh3 c5 16. dxc5 (16. Rg3 Qxd4 17. Bxh7+
Nxh7 18. Rxd4 Rxd4 19. Qe3 Nxg5 20. hxg5 Re4 21. Qc3 Bd6 22. f4 Rxf4 $17 {
Sax,G-Vaganjan,R/Rotterdam WCup/1989/}) 16... Qxc5 17. Nexf7 $16 {Zelic,
Ml-Kalanj/Sibenik/1990/}) 14. Nxf3 Qd6 15. Ne5 c5 (15... Nd5 16. Qe4 Nf6 17.
Qe2 c6 18. g4 $14 {Voigt,M-Peter,C/Hamburg ch/1992/}) 16. dxc5 Qxc5 17. Rhe1
Rad8 $10 {Minasjan,A-Tukmakov,V/Lvov zt/1990/} (17... Rac8 18. Kb1 Rfd8 19. g4
Bd6 20. g5 Bxe5 21. Qxe5 {0,5/Nunn,J-Gurevich,M/Beograd/1991/})) (12. Kb1 Nf6
13. c4 Qb8 14. d5 c5 (14... exd5 15. Nxf6+ Bxf6 16. Qf5 $16 {Strikovic,
A-Kovacevic,V/JUG-ch/1989/}) 15. d6 Bxe4 16. Bxe4 Bxd6 17. Bxh7+ Kxh7 18. Ng5+
{0,5/Sokolov,A-Vaganjan,R/USSR-ch/1989/}) 12... Bxg5 (12... Nf6 13. Ne5 $13)
13. Nxg5 Nf6 14. Nf3 (14. h4 h6 15. Nf3 Bxf3 16. Qxf3 Qd5 $10) 14... Qd6 15.
Ne5 c5 16. dxc5 Qxc5 $10 17. Rhe1 Rad8 18. Re3 {/\Rg3 ->} Rd5 19. g4 (19. Rde1
Rc8 {/\Rxd3}) (19. Rg3 Nh5 (19... Rxe5 20. Qxf6 g6 $10) 20. Qh6 g6 (20... Rxd3
21. Nxd3 Nxg3 22. Nxc5 gxh6 23. Nxb7 $14) 21. Ng4 (21. Qxh5 Rxe5 $15) 21... f5
$17) 19... Qc7 $1 20. Rd2 $2 {><c2} (20. g5 Nh5 (20... Nd7 21. Qh4 $16) (20...
Rc8 $5 21. gxf6 Rxd3 22. c3 Rxd1+ 23. Kxd1 Qd8+ 24. Rd3 Qxf6 25. Qxf6 gxf6 26.
Rd7 $13) 21. Qe4 g6 $15) (20. h3 $10) 20... Nxg4 $17 21. Qxg4 Rxe5 22. Qg3 (22.
Bxh7+ $4 Kxh7 23. Qh4+ Kg8 24. Rh3 Re1+ 25. Rd1 Rxd1+ 26. Kxd1 Qd8+ $19) (22.
Rg3 g6 $17) (22. Qf4 Rc5 23. Bxh7+ Kxh7 24. Rh3+ Kg8 25. Qh4 f6 $19) 22... Rc5
23. f4 $8 g6 24. h4 Rd8 25. Re5 {/\h4-h5} Rdd5 $2 (25... Rxe5 $1 26. fxe5 Rd5
27. Re2 {/\h4-h5} Qd8 $1 {/\Ba6} 28. Re1 Rd4 $19) 26. Rde2 Qd8 {/\Rxd3} (26...
Rxe5 27. fxe5 {/\h4-h5}) 27. R2e3 Rxe5 (27... Ba6 $2 28. b4 $1 Rxd3 (28... Rxe5
29. fxe5 $16) 29. Rxd3 Bxd3 30. bxc5 $16) 28. fxe5 Rd5 {/\Ba6//\Rd4 -+} 29. c3
$8 {/\h4-h5} Qf8 30. Kc2 (30. h5 Qh6 31. hxg6 Rxd3 32. gxf7+ Kxf7 33. Qf2+ Ke8
$19 (33... Ke7 $4 34. Qf6+)) 30... Qh6 31. a4 Qh5 $6 32. Qf4 $1 {ףh5} Rd7 (
32... Ba6 $5 33. c4 Rd7 $15) 33. b4 $13 Bc6 34. b5 Bb7 35. c4 Kg7 36. a5 Qh6 (
36... bxa5 37. c5 $44) 37. Qxh6+ Kxh6 38. a6 Ba8 39. Kc3 Rc7 (39... Kh5 40. Be4
Bxe4 41. Rxe4 Rd1 42. Rd4 $13) 40. Be2 {><h5} g5 41. Rh3 (41. hxg5+ Kxg5 42.
Rg3+ Kf4 43. Rg8 Be4 $19) 41... Be4 42. Kd4 Bf5 43. hxg5+ Kxg5 44. Rg3+ Kf4 45.
Rf3+ Kg5 46. Rg3+ Kf4 47. Rf3+ {Hansen,Cu} 1/2-1/2

[Event "Horgen"]
[Site "Horgen"]
[Date "1995.10.25"]
[Round "5"]
[White "Ivanchuk, Vassily"]
[Black "Vaganian, Rafael A"]
[Result "1-0"]
[WhiteElo "2740"]
[BlackElo "2645"]
[Annotator "Hansen,Cu"]
[PlyCount "53"]
[EventDate "1995.10.??"]
[EventType "tourn"]
[EventRounds "11"]
[EventCountry "SUI"]
[EventCategory "17"]
[SourceTitle "CBM 050"]
[Source "ChessBase"]
[SourceDate "1996.02.01"]
[SourceVersion "1"]
[SourceVersionDate "1996.02.01"]
[SourceQuality "1"]

1. e4 {Ftacnik} e6 2. d4 d5 3. Nc3 Nf6 4. Bg5 dxe4 5. Nxe4 Nbd7 6. Nxf6+ Nxf6
7. Bd3 {Slightly unusual. Normally white plays 7.Nf3 to keep the option
Bf1-b5+ in case of an early c7-c5 by black.} (7. Nf3 {Ftacnik} c5) 7... h6 (
7... c5 {Ftacnik} 8. dxc5 Bxc5 9. Nf3 h6 10. Bh4 Qa5+ 11. c3 Be7 12. O-O O-O
13. Qe2 Rd8 14. Ne5 Bd7 15. Nxd7 Rxd7 16. Bb5 Rdd8 17. Bc4 {Lutz,C-Luther,T/
Ptuj zt (07)/1995/1/2-1/2 (31)}) 8. Bh4 Bd7 (8... c5 $5 {Ftacnik} 9. dxc5 Qa5+
10. c3 Qxc5 11. Nf3 Bd6 12. O-O Bd7 13. Qe2 (13. Re1 O-O-O 14. Qe2 Qh5 15. Bxf6
gxf6 16. Rad1 Bc6 17. Kf1 Bxh2 18. Be4 Bxe4 19. Qxe4 Bc7 20. Rxd8+ Rxd8 21. Kg1
Rg8 22. Re3 f5 23. Qc4 Qg4 24. Qxg4 fxg4 25. Nd4 Bb6 {0-1 Stefansson,
H-Manninen,M/Reykjavik zt (11) ;CBM 47 1995 (29)}) 13... Nh5 14. b4 Qc7 15. Bb5
Nf4 16. Bxd7+ Kxd7 17. Qd1 g5 18. Bg3 Ke7 19. Bxf4 Bxf4 {Reinderman,
D-Danielian,O/WchJM-U20 Buenos Aires/1992/1/2-1/2 (35)}) 9. Nf3 Bc6 {This
position has clear parallels to the line 1.e4 e6 2.d4 d5 3.Nc3 dxe4 4.Nxe4 Ld7
followed by Bc6 and often Bxe4. In both situations Black wants to exchange the
white-squared bishop before he stabilizes the center with c7-c6.} 10. O-O Bxf3
11. Qxf3 c6 (11... Qxd4 $2 {Ftacnik} 12. Qxb7 $16) 12. c3 Be7 13. Rae1 $1 {
A very good move that shows blacks opening idea to be inferior. Why does White
not play Rfe1? Because the idea with Rael is to give more space to whites
pieces - the Rooks and the bishops. To do this white has to open the position.
The right way open up is not trying to achieve the breakthrough d4-d5 but
f4-f5. For that purpose the rooks are perfectly placed on e1 and f1.} Qd5 {
The defender has build a passive but very solid position.} 14. Qh3 {[%cal
Yf2f4,Yf4f5]} g5 $6 (14... Qxa2 $5 {Ftacnik} 15. Re2 O-O-O $13) 15. Re5 Qxa2 $8
16. Bxg5 {Dubious pawn exchange have broken the illusion of equality, but
black is also not without chances.} O-O-O (16... Nd7 17. Bxe7 Nxe5 18. Bb1 Qxb2
19. Bf6 $16) (16... Qxb2 {Ftacnik} 17. Rb1 Qa3 (17... Qxc3 18. Bxf6 Bxf6 19.
Rxe6+ fxe6 20. Bg6+ $18) 18. Rxb7 $16) 17. Bc1 {17.Bh4 would also have been
strong however white does not need to take risks by giving away his queenside
pawns. His strategical superiority in connection with f4-f5 is more than
enough for a substantial advantage.} Bd6 18. Re2 Qd5 19. f4 h5 (19... Rdg8 {
Ftacnik} 20. Qh4 $16) 20. Qf3 (20. f5 Ng4 $13 {[%cal Ye6e5,Rd6h2]}) 20... c5 $2
{Ftacnik: Ivanchuk later could not excuse this "active" move, since it flatly
fails on the tactical side.} (20... Rde8 $142 $14 {Ftacnik}) 21. f5 $1 $18 cxd4
(21... Qxf3 {Ftacnik} 22. Rxf3 Ng4 (22... cxd4 23. fxe6 Ng4 24. e7 $18) 23. h3
Nh2 24. Rf4 $1 $16) 22. fxe6 {[%cal Rf1f7]} fxe6 (22... dxc3 {Ftacnik} 23. Qxd5
Nxd5 24. exf7 $18) 23. Qxf6 Rhf8 24. Qxe6+ Qxe6 25. Rxe6 dxc3 (25... Rxf1+ {
Ftacnik} 26. Bxf1 $18) 26. Rxf8 Bxf8 27. Bf5 1-0

[Event "Tilburg"]
[Site "Tilburg"]
[Date "1991.??.??"]
[Round "1"]
[White "Karpov, Anatoly"]
[Black "Bareev, Evgeny"]
[Result "1/2-1/2"]
[WhiteElo "2730"]
[BlackElo "2680"]
[Annotator "Hansen,Cu"]
[PlyCount "166"]
[EventDate "1991.10.??"]
[EventType "tourn"]
[EventRounds "14"]
[EventCountry "NED"]
[EventCategory "17"]
[SourceTitle "CBM 026"]
[Source "ChessBase"]
[SourceDate "1992.02.01"]
[SourceVersion "1"]
[SourceVersionDate "1992.02.01"]
[SourceQuality "1"]

1. e4 {Knaak} e6 2. d4 d5 3. Nc3 Nf6 4. Bg5 dxe4 5. Nxe4 Nbd7 6. Nf3 Be7 7.
Nxf6+ Bxf6 8. Qd2 Bxg5 9. Nxg5 Nf6 10. Be2 (10. O-O-O Bd7 (10... Qd6 $1 11. Nf3
O-O 12. Ne5 $14) 11. Nf3 Qe7 12. Ne5 O-O 13. Bd3 Rfd8 14. g4 $16 {
Inkiov-Lobron Novi Sad OL 1990} (14. g4 {Knaak} Be8 15. g5 Nd7 16. Ng4 c5 {
Inkiov-Lobron/Thessaloniki ol/1990/i50/313} 17. Rhg1 $16 {/\ ->>> Lobron}))
10... Qd6 (10... O-O 11. Rd1 Qd6 12. O-O Bd7 13. Nf3 $10 {Fischer-Petrosjan
Stockholm izt 1962}) 11. O-O-O O-O 12. Bf3 $6 (12. Nf3) (12. f4 $5) 12... Rb8
13. Ne4 Nxe4 14. Bxe4 $10 Bd7 15. Qe3 Bc6 16. f3 Rfd8 17. Bd3 b5 18. Kb1 b4 19.
h4 Kh8 {/\Qxd4} 20. Be2 Bb5 $15 21. b3 $6 (21. g4) 21... a5 22. Rhe1 a4 23.
bxa4 Bxe2 (23... Bxa4 {Knaak} 24. Bc4 $13) 24. Rxe2 Ra8 (24... Qa6 {Knaak} 25.
d5 Qxa4 26. Red2 exd5 27. Rxd5 Re8 $17) 25. Qb3 Ra5 26. Rd3 Rda8 (26... c6 $1 {
/\Tda8}) 27. d5 $1 Rxd5 (27... exd5 28. Rde3 $132) (27... e5 $1 $17 {Knaak} 28.
Qc4 Rxa4 29. Rde3 $6 (29. f4 exf4 30. Qc6 Qd8 $17) (29. Qc6 Rxa2 30. Qxd6 cxd6
31. Re4 R2a4 32. Rb3 $4 Ra1+ 33. Kb2 R8a2#) 29... b3 $1 30. Rxe5 Rxc4 31. Re8+
Qf8 $19) 28. Rxd5 exd5 29. Qd3 c6 30. h5 (30. Qa6 $5 {Knaak}) 30... h6 (30...
Qf6 31. a5 $1) (30... Kg8 31. Qf5 Qf6 32. Qd7 $14) 31. Qf5 Kg8 32. g4 {/\g5/
f3-f4,g4-g5} Qd8 (32... Qf6 {Knaak} 33. Qd7 Qxf3 34. Qxc6 Rf8 35. Re8 Qd1+ 36.
Kb2 Qd4+ 37. Kb1 $10) 33. f4 Rxa4 34. g5 Ra8 35. g6 $1 Qf6 36. Qxf6 gxf6 37.
Re7 fxg6 38. hxg6 Ra3 (38... Ra4 39. Rf7 b3 40. Rxf6 bxc2+ 41. Kxc2 Rxa2+ 42.
Kd3 $13) 39. Rf7 h5 (39... Rf3 {Knaak} 40. Rxf6 Kg7 41. Rxc6 Rxf4 42. Kb2 h5
43. Rd6 Rd4 44. c3 bxc3+ 45. Kxc3 $10) 40. Rxf6 h4 $2 (40... Rf3 $1 41. f5 h4
42. Rf7 h3 43. Rh7 Rxf5 44. Rxh3 Kg7 45. a3 $10) 41. Rxc6 h3 (41... Rf3 {Knaak}
42. Rc7 Rxf4 43. Rh7 Rg4 44. Kb2 $10) 42. Rc7 Rf3 43. Rh7 $14 Rxf4 44. Rxh3 Rg4
45. Rd3 Rxg6 46. Rxd5 Kf7 47. Rb5 Rg4 48. Re5 Kf6 49. Re3 Kf5 50. Kb2 Rg8 51.
Kb3 Rb8 52. Re7 Kf4 53. Kc4 Kf5 54. Re1 Kf4 55. Kc5 Kf5 56. Re3 Kf4 57. Re1 Kf5
58. Re2 Kf4 59. Re6 Kf5 60. Re7 Kf4 61. Re6 Kf5 62. Re1 Kf4 63. Kc4 Kf5 64. Kb3
Kf4 65. Re7 Kf5 66. Rc7 Ke6 67. Rc4 Kd5 68. Rxb4 Ra8 69. a4 Kc6 70. c3 Kc7 71.
Rf4 Ra5 72. Kb4 Rh5 73. a5 Kb7 74. c4 Rg5 75. c5 Rg1 76. Kc4 Ka6 77. Rf7 Rg4+
78. Kd5 Kxa5 79. Kc6 Rg6+ 80. Kb7 Kb5 81. Rc7 Rg5 82. c6 Rg6 83. Rc8 Rh6 {
C. Hansen} 1/2-1/2

[Event "Ptuj zt"]
[Site "Ptuj"]
[Date "1995.??.??"]
[Round "5"]
[White "Landenbergue, Claude"]
[Black "Luther, Thomas"]
[Result "0-1"]
[WhiteElo "2430"]
[BlackElo "2550"]
[Annotator "Hecht,H"]
[PlyCount "96"]
[EventDate "1995.04.??"]
[EventType "tourn"]
[EventRounds "15"]
[EventCountry "SLO"]
[EventCategory "10"]
[SourceTitle "CBM 047"]
[Source "ChessBase"]
[SourceDate "1995.08.01"]
[SourceVersion "1"]
[SourceVersionDate "1995.08.01"]
[SourceQuality "1"]

1. e4 e6 2. d4 d5 3. Nc3 Nf6 4. Bg5 dxe4 5. Nxe4 Be7 6. Bxf6 gxf6 7. Nf3 f5 8.
Nc3 Bf6 9. Qd2 c5 10. d5 O-O 11. O-O-O Bg7 12. Qe3 Qb6 13. Ne5 exd5 14. Nxd5
Qe6 15. f4 Nd7 16. Nc4 Nf6 17. Nc7 Qxe3+ 18. Nxe3 Rb8 19. Bd3 Ng4 20. Rhe1 Nf2
21. Rd2 Nxd3+ 22. Rxd3 b5 23. Rd5 Rb7 24. Na6 Re7 25. Nxc5 Rfe8 26. g3 b4 27.
Nb3 Bb7 28. Rd3 Ba6 29. Rd6 Bb5 30. Nd4 Bxd4 31. Rxd4 Rxe3 32. Rxe3 Rxe3 33.
Rxb4 {R2P<->RB. Das Thema lautet Mattangriff gegen Freibauern.} Bc6 34. Rc4 Re6
35. Kd2 a6 36. a4 Be4 37. b4 Rh6 38. h4 Rd6+ 39. Kc1 Kg7 40. b5 Kg6 41. Rc8 Kh5
42. c4 Kg4 43. Rg8+ Rg6 44. Rf8 Kxg3 45. c5 Kxf4 46. c6 axb5 47. axb5 Rg2 48.
Kd1 Ke3 (48... Ke3 49. Kc1 Rc2+ 50. Kd1 Rb2 $19) 0-1

[Event "Azov"]
[Site "Azov"]
[Date "1995.??.??"]
[Round "7"]
[White "Galkin, Alexander"]
[Black "Pushkov, Nikolai"]
[Result "1/2-1/2"]
[WhiteElo "2415"]
[BlackElo "2505"]
[Annotator "Hecht,H"]
[PlyCount "138"]
[EventDate "1995.??.??"]
[EventType "tourn"]
[EventRounds "13"]
[EventCountry "RUS"]
[EventCategory "8"]
[SourceTitle "CBM 046"]
[Source "ChessBase"]
[SourceDate "1995.06.01"]
[SourceVersion "1"]
[SourceVersionDate "1995.06.01"]
[SourceQuality "1"]

1. e4 e6 2. d4 d5 3. Nc3 Nf6 4. Bg5 dxe4 5. Nxe4 Be7 6. Bxf6 Bxf6 7. Nf3 Nd7 8.
Qd2 Be7 9. O-O-O O-O 10. Qf4 Nf6 11. Nxf6+ Bxf6 12. Bd3 c5 13. dxc5 Qa5 14. Qc4
e5 15. Be4 Qc7 16. Kb1 Be6 17. Bd5 Bf5 18. Nd2 Be7 19. Nb3 a5 20. a4 Rac8 21.
Rd2 b6 22. c6 Bb4 23. Rdd1 Rfe8 24. Nc1 Be6 25. Bxe6 Rxe6 26. Rd7 Qxc6 27. Qxc6
Rexc6 28. c3 Bc5 29. Nd3 Bd6 30. Rd1 Kf8 31. Nf4 Bc5 32. Nd3 e4 33. Nxc5 Rxc5
34. R7d6 R8c6 35. Rd8+ Ke7 36. R1d7+ Ke6 37. Rd4 Re5 38. Kc2 h5 39. Kd2 g5 40.
g3 Kf5 41. Ke3 Rf6 42. h3 Rfe6 43. R8d5 f6 44. Rxe4 $1 $16 {Netter taktischer
Witz!} Rxd5 45. g4+ $1 hxg4 46. hxg4+ Kg6 47. Rxe6 b5 48. b3 $5 (48. Ke4 $6 Rc5
$1 (48... Rd2 $2 49. axb5 Rxf2 (49... Rxb2 50. c4 Re2+ 51. Kd5 Rxe6 52. Kxe6 a4
53. b6 a3 54. b7 a2 55. b8=Q a1=Q 56. Qg8+ Kh6 57. Qf8+ Kg6 58. Qf7+ Kh6 59.
Qxf6+ $18) 50. Kd5 Rxb2 51. c4 a4 52. Ra6 $18)) (48. Re4 $142 $1 $16 bxa4 49.
Rxa4 Rb5 50. b4 $16) 48... bxa4 49. bxa4 Kf7 50. Rb6 (50. Ra6 Re5+ 51. Kd4 Re2
52. f3 Rf2 53. Ke3 Rc2 $44) 50... Re5+ 51. Kd3 Rd5+ 52. Ke3 Re5+ 53. Kd3 Rd5+
54. Kc4 Rd2 55. Kb5 Rxf2 56. Kxa5 f5 $10 {Der wR ist zu passiv.} 57. Rb5 Kf6
58. gxf5 g4 59. Rb1 g3 60. Rg1 g2 61. Kb6 Rb2+ 62. Kc6 Ra2 63. a5 Kxf5 64. Kb6
Rb2+ 65. Kc5 Ke4 66. a6 Ra2 67. a7 Kf3 68. Kb6 Rb2+ 69. Kc7 Ra2 1/2-1/2

[Event "EU-ch 2nd"]
[Site "Ohrid"]
[Date "2001.06.02"]
[Round "2"]
[White "Socko, Bartosz"]
[Black "Zueger, Beat"]
[Result "1-0"]
[WhiteElo "2554"]
[BlackElo "2448"]
[Annotator "Hecht,H"]
[PlyCount "91"]
[EventDate "2001.06.01"]
[EventType "swiss"]
[EventRounds "13"]
[EventCountry "YUG"]
[SourceTitle "CBM 084"]
[Source "ChessBase"]
[SourceDate "2001.09.13"]
[SourceVersion "1"]
[SourceVersionDate "2001.09.13"]
[SourceQuality "1"]

1. e4 e6 2. d4 d5 3. Nc3 Nf6 4. Bg5 dxe4 5. Nxe4 Be7 6. Bxf6 gxf6 7. Nf3 b6 8.
Bd3 Bb7 9. Qe2 Nd7 10. O-O-O c6 11. Kb1 Qc7 12. c4 O-O-O 13. d5 cxd5 14. cxd5
Bxd5 15. Rc1 Nc5 16. b4 Nxd3 17. Rxc7+ Kxc7 18. Nd4 Nxb4 19. Nc3 Bxa2+ 20. Nxa2
Rxd4 21. Rd1 Rxd1+ 22. Qxd1 Nxa2 23. Kxa2 {Man hat den Eindruck, dass nur
Schwarz auf Gewinn spielen könne....! Bis zum letzten Zug bleibt alles unklar.}
h5 24. Qa4 a5 25. Qc4+ Kb7 26. Qb5 Kc7 27. Qa6 Kc6 28. Qa7 Re8 29. h4 f5 30. g3
e5 31. Kb3 e4 32. Kc2 f6 33. Kb1 Bd6 34. Qf7 Re5 35. Qxh5 f4 36. Qe2 fxg3 37.
fxg3 e3 38. h5 Bc5 39. h6 Re7 40. Kc2 Kc7 41. g4 a4 42. Kd3 Kd7 43. Kc2 Kc7 44.
Kd1 Rd7+ 45. Ke1 Rh7 46. Qc4 $13 {[#] Ein scharfe Zugfolge zur Aufmunterung
der Gegner der Aufgabe:} (46. Qc4 a3 47. Qf4+ Bd6 48. Qxf6 a2 49. g5 Be7 50.
Qe5+ Bd6 51. Qa1 Rf7 $1 {[%csl Ga2]} 52. Ke2 Bc5 53. g6 Rf2+ 54. Kd3 Rd2+ 55.
Ke4 Bd4 56. Qc1+ Kd7 57. g7 a1=Q 58. Qxa1 Bxa1 59. g8=Q e2 $11) 1-0

[Event "Julian Borowski-A 4th"]
[Site "Essen"]
[Date "2002.05.25"]
[Round "9"]
[White "Kasimdzhanov, Rustam"]
[Black "Kortschnoj, Viktor Lvovich"]
[Result "1-0"]
[WhiteElo "2674"]
[BlackElo "2635"]
[Annotator "Kasimdzhanov,R"]
[PlyCount "67"]
[EventDate "2002.05.16"]
[EventType "tourn"]
[EventRounds "9"]
[EventCountry "GER"]
[EventCategory "16"]
[SourceTitle "CBM 090"]
[Source "ChessBase"]
[SourceDate "2002.09.20"]
[SourceVersion "1"]
[SourceVersionDate "2002.09.20"]
[SourceQuality "1"]

{This game was played in the last round, and in first 8 I lost 3 and drew 5.
Of course I felt myself obliged to try to win this game} 1. e4 e6 2. d4 d5 3.
Nc3 Nf6 4. Bg5 dxe4 5. Nxe4 Nbd7 6. Nxf6+ Nxf6 7. Nf3 c5 8. Bc4 Qa5+ 9. c3 Be7
10. O-O O-O 11. Re1 h6 $6 $146 (11... cxd4 $142 12. Qxd4 h6 {and it is very
difficult to avoid exchanges} 13. Bh4 Rd8) (11... Rd8 12. Re5 $36 {was played
in Morozevich-Korchnoi, 2001, and black couldn't be very happy with the
openning results}) 12. Bh4 Rd8 13. Qe2 (13. Re5 $5) 13... cxd4 14. Nxd4 Bd7 15.
Rad1 Kh8 (15... Rac8 $5 16. Bb3 (16. Nxe6 $6 Bxe6 17. Bxe6 fxe6 18. Qxe6+ Kh7
19. Rxd8 (19. Qxe7 $2 Rxd1 20. Rxd1 Qa4 $1 $17) 19... Rxd8 20. Qxe7 Re8 21.
Bxf6 Rxe7 22. Rxe7 Qf5 23. Rxg7+ Kh8 24. Rg6+ $11) 16... Qc5 $14) 16. Rd3 (16.
b4 Qc7 17. Bg3 (17. Nf5 $6 exf5 18. Qxe7 Ng4) 17... Qb6 18. Be5 Ba4 19. Rd3
Rac8 20. Rg3 $36) 16... Ng8 (16... Qc5 17. Rf3 Rac8 18. Bd3 $14) 17. Bg3 Rac8
18. Rf3 Bf6 19. Bd3 Qd5 $2 {a decisive mistake. During the game I thought that
black's position was already beyond repair, but Fritz7 found a chance to hang
on} (19... Ne7 20. Rxf6 $1 gxf6 21. Bh4 Kg7 22. Qf3 Ng8 23. Qg4+ Kh8 24. Re3 e5
25. Qe4 $18) (19... Bxd4 $1 20. cxd4 f6 $1 {Fritz7} 21. Qe4 f5 22. Qe2 Bc6 23.
Re3 Qd5 24. f3 Qxd4 25. Be5 Qb6 26. Bc4 $44) 20. Be4 Qxa2 21. Bb1 $1 Qd5 22.
Qd3 g6 23. Rxf6 $1 Nxf6 24. Be5 Kg7 25. Qg3 Qc5 26. Re3 Bc6 $1 {the only move.
I had forseen this position when playing 20.Be4 and wasn't sure how to proceed,
but still went for it feeling that there should besomething} 27. Bxg6 $1 (27.
Nxe6+ $2 Kh7 28. Re1 Qe7 29. Nxd8 Rxd8 $13) 27... fxg6 (27... Qe7 28. Bc2+ Kf8
29. Qf4 Nd5 30. Qxh6+ Ke8 31. Rg3 $18 {and black is completely helpless} Kd7
32. Nxe6 $1 Qxe6 33. Bf5 $1 Qxf5 34. Qd6+ Ke8 35. Rg8#) 28. Bxf6+ Kh7 (28...
Kxf6 29. Rxe6+ Kf7 30. Qxg6+ Kf8 31. Rf6+) 29. Bxd8 Rxd8 30. Rxe6 Qg5 31. Qxg5
hxg5 32. Re7+ Kh6 33. h3 Bd5 34. Nc2 $1 $18 {Here the ruler of the black
pieces said "You won" and stood up from the table. A second later I heard, not
for the first time in my life, the ominous words "But still he can't play
chess". And for all I know, he might be right.} 1-0

[Event "Hastings 9091"]
[Site "Hastings"]
[Date "1990.12.??"]
[Round "6"]
[White "Chandler, Murray G"]
[Black "Kosten, Anthony C"]
[Result "1/2-1/2"]
[WhiteElo "2560"]
[BlackElo "2510"]
[Annotator "Knaak,R"]
[PlyCount "104"]
[EventDate "1990.12.??"]
[EventType "tourn"]
[EventRounds "14"]
[EventCountry "ENG"]
[EventCategory "13"]
[SourceTitle "CBM 022"]
[Source "ChessBase"]
[SourceDate "1991.06.01"]
[SourceVersion "1"]
[SourceVersionDate "1991.06.01"]
[SourceQuality "1"]

1. e4 e6 2. d4 d5 3. Nc3 Nf6 4. Bg5 dxe4 5. Nxe4 Be7 6. Bxf6 gxf6 7. Nf3 b6 8.
Bc4 Bb7 9. Qe2 c6 10. O-O-O Qc7 11. Nfd2 {Nicht neu und auch nicht besser.} Nd7
12. Qh5 Nf8 13. Rhe1 Ng6 14. g3 O-O-O 15. c3 Kb8 16. f4 $6 f5 $1 17. Ng5 Bxg5
18. Qxg5 c5 $1 $15 19. dxc5 Qxc5 20. Bb3 b5 $1 (20... Qf2 21. Nc4 Rxd1+ 22.
Rxd1 Bf3 23. Rd2 (23. Rd8+ Kc7 $1 24. Rxh8 $2 Qe1+ 25. Kc2 Qd1#) 23... Qf1+ 24.
Bd1 Bxd1 25. Ne3 $14) 21. Qf6 $6 (21. Bc2 {/\ Nb3} b4 22. cxb4 Qxb4 23. Nb3 Rc8
) (21. Qh5 $5 b4 22. Nb1) 21... Rd7 $6 (21... Qf2 $1 {/\ Rd2} 22. Nf1 (22. Rf1
Qg2 {/\ Rd2} 23. Rfe1 Rd7 24. Nf1 Rxd1+ 25. Rxd1 Bf3 26. Rd8+ Kc7 $19) 22...
Rxd1+ 23. Rxd1 Bf3 24. Rd8+ Kc7 25. Qxf7+ Kxd8 26. Qf6+ Kc7 27. Qf7+ Kb8 $19)
22. Nf1 Rc7 23. Qd4 h5 $10 24. h4 Qxd4 25. Rxd4 Ne7 26. Nd2 Rg8 27. Rd3 Nd5 28.
Bxd5 Bxd5 29. b3 Rd7 30. Rd1 f6 31. Re1 Bc6 32. Rde3 e5 33. fxe5 fxe5 34. Rxe5
Rxg3 35. Rxf5 Rxc3+ 36. Kb2 Rh3 37. Ne4 Rh2+ 38. Kc3 Rxh4 39. Re5 Bxe4 40.
R1xe4 Rxe4 41. Rxe4 Rh7 42. Rh4 Kc7 43. a4 a6 44. axb5 axb5 45. Kb4 Kc6 46. Rh1
Kb6 47. Rh4 Rh6 48. Ka3 Kc5 49. Kb2 b4 50. Kc2 Rh8 51. Kc1 Kd5 52. Kd2 Kc5
1/2-1/2

[Event "Porz Citroen-Cup"]
[Site "Cologne"]
[Date "1990.??.??"]
[Round "1"]
[White "Kovalev, Andrei"]
[Black "Jackelen, Thomas"]
[Result "1-0"]
[WhiteElo "2500"]
[BlackElo "2365"]
[Annotator "Knaak,R"]
[PlyCount "57"]
[EventDate "1990.12.??"]
[EventType "tourn"]
[EventRounds "9"]
[EventCountry "GER"]
[EventCategory "7"]
[SourceTitle "CBM 021"]
[Source "ChessBase"]
[SourceDate "1991.04.01"]
[SourceVersion "1"]
[SourceVersionDate "1991.04.01"]
[SourceQuality "1"]

1. e4 e6 2. d4 d5 3. Nc3 Nf6 4. Bg5 dxe4 5. Nxe4 Be7 6. Bxf6 gxf6 7. Nf3 b6 8.
Bd3 Bb7 9. Qe2 c6 10. O-O-O Qc7 11. Rhe1 Nd7 12. Kb1 O-O-O 13. Ba6 Rhg8 14.
Bxb7+ Kxb7 15. g3 f5 16. Ned2 Bf6 $6 (16... h5 {/\ h4, hg3, f4=}) 17. Nc4 Nf8
$6 18. Rd3 Ng6 19. Red1 h5 20. Ra3 $16 h4 $2 21. Nxb6 $1 Kb8 22. Nc4 hxg3 23.
fxg3 Rd5 24. Rb3+ Ka8 25. Ne3 Rd7 26. Qa6 Rgd8 27. Nc4 Rb8 28. Rxb8+ Kxb8 29.
Rd3 1-0